Political ideologies : An introdution
Spremljeno u:
| Format: | Knjiga |
|---|---|
| Jezik: | Undetermined |
| Izdano: |
London
Unwin Hyman
1984
|
| Teme: | |
| Oznake: |
Dodaj oznaku
Bez oznaka, Budi prvi tko označuje ovaj zapis!
|
| Thư viện lưu trữ: | Trung tâm Học liệu Trường Đại học Cần Thơ |
|---|
| LEADER | 00484nam a2200181Ia 4500 | ||
|---|---|---|---|
| 001 | CTU_89911 | ||
| 008 | 210402s9999 xx 000 0 und d | ||
| 082 | |a 320.5 | ||
| 082 | |b E17 | ||
| 245 | 0 | |a Political ideologies : | |
| 245 | 3 | |b An introdution | |
| 245 | 0 | |c Robert Eccleshall ... [et al.] | |
| 260 | |a London | ||
| 260 | |b Unwin Hyman | ||
| 260 | |c 1984 | ||
| 650 | |a Political science,Ideology | ||
| 904 | |i Tuyến | ||
| 980 | |a Trung tâm Học liệu Trường Đại học Cần Thơ | ||